[Event "Challenge"]
[Site "http://www.queenalice.com/game.php?id=1128118"]
[Date "2012.12.4"]
[Round "-"]
[White "DenisDiego"]
[Black "TheOperator"]
[Result "1-0"]
[WhiteElo "1608"]
[BlackElo "1546"]

1. e4 e5 2. Nf3 Nc6 3. Bc4 Nf6 4. d3 h6 5. Nc3 Bd6 6. Nd5 Nxd5 7. Bxd5 Nb4 8.
O-O Qf6 9. b3 O-O 10. Bc4 Bc5 11. Bb2 d6 12. a3 Nc6 13. Qd2 Ne7 14. d4 Bb6 15.
dxe5 dxe5 16. Nxe5 Be6 17. Rab1 Nc6 18. Nxc6 Qh4 19. Nd4 Bg4 20. h3 Bh5 21. Nf5
Qg5 22. Qxg5 hxg5 23. g4 g6 24. gxh5 Bc5 25. hxg6 Rae8 26. Nh6# 1-0

[Event "AUTO-INT-2502"]
[Site "http://www.queenalice.com/game.php?id=1128129"]
[Date "2012.12.4"]
[Round "1"]
[White "Mariojose"]
[Black "DenisDiego"]
[Result "0-1"]
[WhiteElo "1512"]
[BlackElo "1587"]

1. Nf3 d5 2. d4 Nc6 3. Bg5 Nf6 4. a3 Bf5 5. e3 a6 6. Bxf6 gxf6 7. Bd3 Qd7 8.
Bxf5 Qxf5 9. Nbd2 e5 10. O-O e4 11. Nh4 Qg5 12. g3 h5 13. c3 O-O-O 14. Ng2 f5
15. Nf4 h4 16. Nh3 Qh6 17. Nf4 hxg3 18. Qh5 Qxh5 19. Nxh5 Rxh5 20. fxg3 Bd6 21.
Rf2 Rdh8 22. Nf1 Na5 23. Nd2 Nc4 24. Nxc4 dxc4 25. Kg2 Rxh2+ 0-1

[Event "AUTO-INT-2502"]
[Site "http://www.queenalice.com/game.php?id=1128130"]
[Date "2012.12.4"]
[Round "1"]
[White "DenisDiego"]
[Black "Mariojose"]
[Result "1-0"]
[WhiteElo "1600"]
[BlackElo "1572"]

1. e4 e5 2. Nf3 Nc6 3. d4 exd4 4. Nxd4 Nxd4 5. Qxd4 a6 6. Nc3 Qe7 7. Bf4 d6 8.
Nd5 Qd7 9. b4 Ne7 10. c4 Nc6 11. Qc3 b6 12. Be2 Ra7 13. O-O Bb7 14. a4 a5 15. b5
Ne7 16. h3 h6 17. Bg4 Qd8 18. Ra2 Ng6 19. Be3 Ne5 20. Be2 Bxd5 21. exd5 g5 22.
Bd4 Bg7 23. f4 gxf4 24. Rxf4 Rg8 25. Bg4 Nxg4 26. Rxg4 f6 27. Bxf6 Qd7 28. Rxg7
Rxg7 29. Bxg7 Kd8 30. Qf6+ Kc8 31. Re2 Qd8 32. Re7 Kb7 33. Qf7 h5 34. Bf6 Ra8
35. Rd7 Qc8 36. Bd8 Qxd8 37. Rxd8 1-0

[Event "AUTO-INT-2502"]
[Site "http://www.queenalice.com/game.php?id=1128145"]
[Date "2012.12.4"]
[Round "1"]
[White "DenisDiego"]
[Black "TheOperator"]
[Result "1-0"]
[WhiteElo "1634"]
[BlackElo "1453"]

1. e4 e5 2. Nc3 c6 3. Nf3 Bd6 4. d4 f6 5. a3 c5 6. Nb5 Be7 7. dxe5 Nc6 8. exf6
gxf6 9. Bf4 d6 10. h3 Bd7 11. Nxd6+ Bxd6 12. Qxd6 Qa5+ 13. Bd2 Qa4 14. Bd3 c4
15. b3 Qa6 16. bxc4 Rd8 17. c5 b5 18. cxb6 Qxb6 19. Bc3 Bc8 20. Qg3 Qc5 21. O-O
Qxc3 22. Qg7 Qc5 23. Qxh8 Qf8 24. e5 Nce7 25. Qxh7 Rd5 26. Rfe1 Nh6 27. Qe4 Bf5
28. Qc4 Kf7 29. exf6 Kxf6 30. g4 Qg8 31. Bxf5 Nhxf5 32. Qe4 Rd6 33. Rad1 Re6 34.
Qxe6+ 1-0

[Event "AUTO-INT-2502"]
[Site "http://www.queenalice.com/game.php?id=1128146"]
[Date "2012.12.4"]
[Round "1"]
[White "TheOperator"]
[Black "DenisDiego"]
[Result "0-1"]
[WhiteElo "1532"]
[BlackElo "1622"]

1. e4 e5 2. Nf3 Nc6 3. c3 a6 4. Qb3 Nf6 5. d3 h6 6. Nbd2 Bc5 7. d4 exd4 8. cxd4
Nxd4 9. Nxd4 O-O 10. Qd3 d5 11. Qc3 Qe7 12. Bd3 dxe4 13. Bc4 Rd8 14. Nf5 Bxf5
15. O-O e3 16. fxe3 Bxe3+ 17. Kh1 Bxd2 18. Bxd2 Ne4 19. Qe3 Qf6 20. Be1 Nd6 21.
Bd5 Qxb2 22. Rd1 Re8 23. Qf4 Be6 24. Bxe6 Rxe6 25. Bh4 Rae8 26. Rd2 g5 27. Bxg5
Qe5 28. Qh4 hxg5 29. Qh3 Qe1 0-1

[Event "AUTO-INT-2502"]
[Site "http://www.queenalice.com/game.php?id=1128147"]
[Date "2012.12.4"]
[Round "1"]
[White "DenisDiego"]
[Black "Sigmund"]
[Result "1/2-1/2"]
[WhiteElo "1615"]
[BlackElo "1733"]

1. e4 e5 2. Nf3 d6 3. d4 Nf6 4. Nc3 Be7 5. d5 O-O 6. h3 a6 7. Ng5 h6 8. h4 h5 9.
Be2 Bd7 10. f3 c5 11. a4 a5 12. Nb5 Bxb5 13. Bxb5 g6 14. b3 Na6 15. Bxa6 Rxa6
16. c4 Nh7 17. Nxh7 Bxh4+ 18. Ke2 Kxh7 19. g4 Bg5 20. Bxg5 Qxg5 21. Qg1 Rb6 22.
Rb1 Kh6 23. Qe3 Qxe3+ 24. Kxe3 Kg5 25. Rhg1 Kf6 26. Kd3 h4 27. Rh1 g5 28. Kc3
Rh8 29. Rb2 Ra6 30. Rbh2 Ra7 31. Ra2 b6 32. Kd3 Kg6 33. Ke3 f6 34. Rc2 h3 35.
Rch2 Rah7 36. Kf2 Kg7 37. Kg3 Kg6 38. Rxh3 Kg7 39. Rxh7+ Rxh7 40. Rxh7+ Kxh7 41.
Kh3 Kh6 42. Kg3 Kg6 43. Kh3 Kh6 44. Kg3 Kg6 45. Kh3 1/2-1/2

[Event "AUTO-INT-2502"]
[Site "http://www.queenalice.com/game.php?id=1128148"]
[Date "2012.12.4"]
[Round "1"]
[White "Sigmund"]
[Black "DenisDiego"]
[Result "1-0"]
[WhiteElo "1728"]
[BlackElo "1620"]

1. e4 e5 2. Nf3 Nc6 3. Nc3 d6 4. h3 f6 5. Bc4 f5 6. O-O f4 7. d4 Nxd4 8. Nxd4
exd4 9. Qxd4 Qf6 10. Qxf6 Nxf6 11. Bxf4 Bd7 12. b4 a6 13. Rfe1 O-O-O 14. a4 c5
15. bxc5 dxc5 16. Rab1 Bc6 17. Be6+ Nd7 18. f3 h6 19. Red1 g5 20. Bg3 Re8 21.
Bf5 Kd8 22. Nd5 Bxd5 23. Rxd5 Re7 24. Rxb7 Kc8 25. Ra7 Rhh7 26. Ra8+ Kb7 27. Rd8
Nf6 28. Rxc5 Rh8 29. a5 Rf7 30. Rcc8 Bg7 31. e5 Rxd8 32. Rxd8 Nd5 33. Be6 Rf8
34. Rd7+ Kc6 35. Rxd5 Re8 36. Rd6+ Kb5 37. Bd7+ Kxa5 38. Bxe8 Bf8 39. Rd5+ Kb6
40. c4 Bc5+ 41. Kf1 a5 42. Bf2 Bxf2 43. Kxf2 h5 44. e6 Kc7 45. e7 1-0

[Event "AUTO-INT-2568"]
[Site "http://www.queenalice.com/game.php?id=1155296"]
[Date "2013.2.24"]
[Round "1"]
[White "vinoseco"]
[Black "DenisDiego"]
[Result "0-1"]
[WhiteElo "1723"]
[BlackElo "1654"]

1. e4 e5 2. Nf3 Nc6 3. Bb5 Nf6 4. Bxc6 dxc6 5. d3 Bc5 6. Nxe5 Qd4 7. Be3 Qxb2 8.
Nd2 Qxe5 9. f4 Qd6 10. e5 Bg4 11. Bxc5 Qxc5 12. Qc1 Qe3+ 13. Kf1 Qe2+ 14. Kg1
Nh5 15. Ne4 Be6 16. Nc3 Qg4 17. h3 Qg3 18. Ne2 Qg6 19. Qb2 Ng3 20. Nxg3 Qxg3 21.
Qxb7 Bd5 22. Rh2 O-O 23. c4 Rfb8 24. Qxc7 Rb2 25. cxd5 Rab8 26. Qxc6 Rb1+ 27.
Rxb1 Rxb1+ 28. Qc1 Rxc1# 0-1

[Event "AUTO-INT-2568"]
[Site "http://www.queenalice.com/game.php?id=1155297"]
[Date "2013.2.24"]
[Round "1"]
[White "DenisDiego"]
[Black "vinoseco"]
[Result "0-1"]
[WhiteElo "1649"]
[BlackElo "1649"]

1. d4 d5 2. c4 dxc4 3. e4 b5 4. Nc3 e6 5. Nxb5 a6 6. Nc3 Nc6 7. Nf3 Bb4 8. Bxc4
Na5 9. Qa4+ c6 10. Qxb4 Ne7 11. Bd3 O-O 12. h3 Bd7 13. Ne5 Rb8 14. Qd6 Nb7 15.
Qa3 a5 16. Bd2 Qb6 17. Nxd7 Qxd4 18. Qxe7 Rfe8 19. Qg5 Qxd7 20. Qg3 Nc5 21. Ke2
Rxb2 22. Rhd1 Rd8 23. Nd5 cxd5 24. e5 Qa4 25. Kf1 Nxd3 26. Qxd3 Rxa2 27. Bg5
Rxa1 28. Rxa1 Qxa1+ 29. Ke2 Qxe5+ 30. Qe3 Qxe3+ 31. fxe3 Rc8 32. Kd3 a4 33. Be7
Rc7 34. Ba3 f6 35. e4 dxe4+ 36. Kxe4 Rc2 0-1

[Event "AUTO-INT-2568"]
[Site "http://www.queenalice.com/game.php?id=1155310"]
[Date "2013.2.24"]
[Round "1"]
[White "FranzMeM"]
[Black "DenisDiego"]
[Result "1/2-1/2"]
[WhiteElo "1578"]
[BlackElo "1657"]

1. e4 e5 2. Bc4 Nf6 3. d3 Bc5 4. h3 h6 5. a3 O-O 6. Nc3 a6 7. Nd5 b5 8. Nxf6+
Qxf6 9. Qf3 bxc4 10. Qxf6 gxf6 11. Bxh6 Re8 12. dxc4 Nc6 13. c3 d6 14. Ne2 f5
15. b4 Bb6 16. exf5 Bxf5 17. Be3 Bxe3 18. fxe3 Bd3 19. Ng3 Bxc4 20. Nh5 Re6 21.
g4 Ne7 22. h4 Nd5 23. Kd2 Nf6 24. Nxf6+ Rxf6 25. Rh2 Kf8 26. g5 Rf1 27. Rxf1
Bxf1 28. h5 Ke7 29. g6 fxg6 30. hxg6 Rg8 31. Rh7+ Kf6 32. Rf7+ Kxg6 33. Rxf1 Rh8
34. Rg1+ Kf6 35. Rf1+ Ke7 36. Rf2 Rh1 37. Kc2 Re1 38. Rf3 e4 39. Rh3 Kd7 40. Kb3
c5 41. bxc5 dxc5 42. Kc4 Rc1 43. Kxc5 Rxc3+ 44. Kb4 Rc6 45. a4 Kd6 46. Rh6+ Kd5
47. Rh5+ Kd6 48. Rh6+ Kd5 1/2-1/2

[Event "AUTO-INT-2568"]
[Site "http://www.queenalice.com/game.php?id=1155311"]
[Date "2013.2.24"]
[Round "1"]
[White "DenisDiego"]
[Black "FranzMeM"]
[Result "1-0"]
[WhiteElo "1643"]
[BlackElo "1592"]

1. d4 d5 2. Nf3 Nc6 3. e3 a6 4. Nc3 Nf6 5. Bd3 Bg4 6. h3 Bxf3 7. Qxf3 e6 8. a3
Be7 9. b4 b5 10. Ne2 Bd6 11. c3 h6 12. g4 e5 13. Qg2 exd4 14. exd4 Qe7 15. f3
O-O-O 16. Bd2 g5 17. a4 bxa4 18. Bxa6+ Kb8 19. Rxa4 Na7 20. O-O c6 21. Ng3 Qf8
22. Nf5 Bc7 23. Rfa1 Bb6 24. Qe2 Re8 25. Qd3 Nd7 26. b5 cxb5 27. Bxb5 Rd8 28. f4
f6 29. c4 Bxd4+ 30. Qxd4 Qc5 31. Qxc5 Nxc5 32. Rxa7 Rc8 33. Be3 Nb7 34. Bc6 Kc7
35. cxd5 Rb8 36. Rb1 Kd8 37. Bb6+ Kc8 38. Ne7# 1-0

[Event "AUTO-INT-2568"]
[Site "http://www.queenalice.com/game.php?id=1155320"]
[Date "2013.2.24"]
[Round "1"]
[White "DenisDiego"]
[Black "CEMPORCENTOJESUS"]
[Result "1-0"]
[WhiteElo "1633"]
[BlackElo "1491"]

1. d4 d5 2. Nc3 e6 3. Nf3 c5 4. e3 Nf6 5. b3 Nc6 6. h3 cxd4 7. Nxd4 Bb4 8. Bd2
Qa5 9. Ncb5 O-O 10. c3 Nxd4 11. Nxd4 Bxc3 12. Bxc3 Qxc3+ 13. Ke2 b6 14. Rc1 Qb4
15. Nc6 Qa3 16. Qd2 Ne4 17. Qc2 Ba6+ 18. Kf3 Rac8 19. Bxa6 Qxa6 20. Ne7+ 1-0

[Event "AUTO-INT-2568"]
[Site "http://www.queenalice.com/game.php?id=1155321"]
[Date "2013.2.24"]
[Round "1"]
[White "CEMPORCENTOJESUS"]
[Black "DenisDiego"]
[Result "1/2-1/2"]
[WhiteElo "1479"]
[BlackElo "1643"]

1. e4 e5 2. f4 exf4 3. Bc4 Qh4+ 4. Kf1 Nc6 5. Nf3 Qh5 6. Nc3 Nf6 7. d4 g5 8. e5
Ng4 9. Nd5 Kd8 10. Be2 Bg7 11. Kg1 b6 12. Nxg5 Qxg5 13. Bxf4 Qf5 14. Bxg4 Qe4
15. Bf3 Qf5 16. g3 h5 17. h4 Bh6 18. Bxh5 Bxf4 19. Nxf4 Bb7 20. Bg4 Qe4 21. c3
Nxe5 1/2-1/2

[Event "Challenge"]
[Site "http://www.queenalice.com/game.php?id=1155801"]
[Date "2013.2.26"]
[Round "-"]
[White "DenisDiego"]
[Black "Martial"]
[Result "1-0"]
[WhiteElo "1659"]
[BlackElo "1438"]

1. e4 e5 2. Nf3 Nc6 3. Nc3 Bb4 4. Nd5 Nf6 5. a3 Bc5 6. b4 Bb6 7. Nxb6 axb6 8. b5
Ne7 9. Bc4 Ra4 10. d3 d5 11. exd5 Nfxd5 12. Nxe5 h6 13. h3 O-O 14. Bb2 c6 15.
bxc6 bxc6 16. Bb3 Ra5 17. O-O Nf6 18. Qf3 Ng6 19. Nxc6 Qc7 20. Nxa5 b5 21. Bxf6
Nf4 22. Bb2 Be6 23. Nc6 Bxh3 24. gxh3 1-0

[Event "AUTO-INT-2502"]
[Site "http://www.queenalice.com/game.php?id=1168829"]
[Date "2013.4.6"]
[Round "2"]
[White "DenisDiego"]
[Black "adrian_iuga"]
[Result "1/2-1/2"]
[WhiteElo "1710"]
[BlackElo "2060"]

1. e4 c5 2. Nf3 d6 3. Bc4 Nc6 4. d3 Nf6 5. Nc3 g6 6. h3 Bg7 7. a3 a6 8. Ng5 e6
9. f4 b5 10. Ba2 Nd4 11. Be3 O-O 12. Bxd4 cxd4 13. Ne2 e5 14. g3 Bb7 15. fxe5
dxe5 16. g4 Rc8 17. Nf3 Nxe4 18. h4 Ng3 19. Nxg3 Qd7 20. Nxe5 Bxe5 21. Ne4 Rfe8
22. O-O Re7 23. Rf2 Bxe4 24. dxe4 d3 25. c3 a5 26. Qf3 b4 27. axb4 axb4 28. Rc1
bxc3 29. bxc3 d2 30. Rd1 Rxc3 31. Rfxd2 Qxd2 32. Rxd2 Rxf3 33. Rf2 Rxf2 34. Kxf2
Ra7 35. Bd5 Ra3 36. Bc4 Bg3+ 37. Ke2 Bxh4 38. Bd3 Kg7 39. Ke3 Kf6 40. Kd4 Kg5
41. Be2 Kf4 42. Bd1 Ra4+ 43. Bxa4 Kxg4 44. Bd7+ Kf4 45. e5 Be7 46. Be8 g5 47.
Bxf7 g4 48. Bd5 h5 49. Kd3 Kg3 50. Ke2 h4 51. Kf1 Bc5 52. e6 h3 53. e7 Bxe7 54.
Kg1 Bc5+ 55. Kh1 Be3 56. Ba8 Bf4 57. Bb7 Kh4 58. Ba8 g3 59. Bb7 Kg4 60. Ba8 Be5
1/2-1/2

[Event "AUTO-INT-2502"]
[Site "http://www.queenalice.com/game.php?id=1168832"]
[Date "2013.4.6"]
[Round "2"]
[White "Sigmund"]
[Black "DenisDiego"]
[Result "1-0"]
[WhiteElo "1644"]
[BlackElo "1729"]

1. d4 d5 2. c4 dxc4 3. e4 e6 4. Bxc4 Bb4+ 5. Bd2 c5 6. Nf3 Nc6 7. Qa4 Bd7 8. Qc2
b6 9. O-O Nxd4 10. Nxd4 Bxd2 11. Qxd2 cxd4 12. Qxd4 Nf6 13. Nc3 O-O 14. e5 Ne8
15. Rad1 Qc7 16. Qxd7 Qxd7 17. Rxd7 Rc8 18. Bb3 Nc7 19. f4 g6 20. Ne4 Rfd8 21.
Nf6+ Kg7 22. Rfd1 Rxd7 23. Nxd7 Rd8 24. g4 Ne8 25. Ba4 Nc7 26. h4 h6 27. h5 gxh5
28. gxh5 b5 29. Bb3 a5 30. Kh2 a4 31. Bc2 Nd5 32. Nf6 Rc8 33. Be4 Nxf4 34. Rg1+
Kh8 35. Rg4 Ne2 36. Rg2 Nd4 37. Bb7 Rc5 38. Rg8# 1-0

[Event "AUTO-INT-2502"]
[Site "http://www.queenalice.com/game.php?id=1168833"]
[Date "2013.4.6"]
[Round "2"]
[White "DenisDiego"]
[Black "Sigmund"]
[Result "1-0"]
[WhiteElo "1687"]
[BlackElo "1659"]

1. e4 e5 2. Nf3 d6 3. Bc4 Be6 4. Bxe6 fxe6 5. d3 h6 6. Nc3 Nc6 7. a3 d5 8. exd5
exd5 9. Bd2 Qf6 10. Qe2 O-O-O 11. O-O-O Bd6 12. Nxd5 Qe6 13. Nb4 Bxb4 14. Bxb4
Qa2 15. Bc3 Qd5 16. Bxe5 Nxe5 17. Qxe5 Qa2 18. Qxg7 Qd5 19. Qxh8 Qe6 20. Rde1
Qg6 21. Ne5 Qxg2 22. Nf7 Rf8 23. Nxh6 Qxf2 24. Ref1 Qe3+ 25. Kb1 Rxf1+ 26. Rxf1
Qxh6 27. Qxg8+ Kd7 28. Qd5+ Qd6 29. Qxd6+ 1-0

[Event "AUTO-INT-2502"]
[Site "http://www.queenalice.com/game.php?id=1168836"]
[Date "2013.4.6"]
[Round "2"]
[White "DenisDiego"]
[Black "grautvornix"]
[Result "1/2-1/2"]
[WhiteElo "1746"]
[BlackElo "1856"]

1. e4 Nc6 2. Nf3 Nf6 3. Nc3 d6 4. h3 a6 5. a4 g6 6. b3 Bg7 7. Bc4 e6 8. Bb2 Nd7
9. d4 Ne7 10. e5 b6 11. Qe2 O-O 12. O-O dxe5 13. dxe5 Bb7 14. Rad1 h6 15. Rd3
Qe8 16. Ne4 Bxe4 17. Rd2 Bxf3 18. gxf3 Kh7 19. Rfd1 Nc5 20. Bc3 Nc6 21. f4 Ne7
22. h4 Nf5 23. h5 Qe7 24. Qg4 Rad8 25. Rxd8 Rxd8 26. hxg6+ fxg6 27. Be2 Rxd1+
28. Bxd1 Ne4 29. Be1 Qh4 30. Qxh4 Nxh4 31. c4 Nc5 32. Bd2 Nf3+ 33. Bxf3 Nxb3 34.
Bc3 Bf8 35. Be4 Kg7 36. f3 Bc5+ 37. Kg2 Be3 38. Bc2 Nc5 39. Kg3 a5 40. Be1 Na6
41. Bf2 Bd2 42. Kg4 Kf7 43. Bh4 Bb4 44. Bd3 Nc5 45. Bc2 1/2-1/2

[Event "AUTO-INT-2502"]
[Site "http://www.queenalice.com/game.php?id=1168837"]
[Date "2013.4.6"]
[Round "2"]
[White "grautvornix"]
[Black "DenisDiego"]
[Result "0-1"]
[WhiteElo "1852"]
[BlackElo "1750"]

1. g3 d5 2. d3 e5 3. e3 f6 4. Qh5+ g6 5. Qd1 Nc6 6. a3 Nh6 7. Bg2 Bd7 8. Ne2 Be6
9. O-O Qd7 10. Nd2 O-O-O 11. b4 Ne7 12. h3 Nf7 13. Kh2 h5 14. f4 d4 15. e4 h4
16. Nf3 hxg3+ 17. Nxg3 Bxh3 18. f5 g5 19. Rh1 Bg4+ 20. Kg1 Rxh1+ 21. Nxh1 Bg7
22. Nf2 Bxf3 23. Qxf3 Bh6 24. Ng4 Ng8 25. Kf2 Qc6 26. Qd1 Bf8 27. Bd2 Qe8 28.
Qh1 Ngh6 29. Nxf6 Qc6 30. Rc1 Qxf6 31. Rg1 Rd6 32. Bf3 Rc6 33. Bd1 Ng8 34. a4
Qh6 35. Bg4 Qxh1 36. Rxh1 Bh6 37. Rc1 Nf6 38. Be2 g4 39. Bxh6 Nxh6 40. Kg3 Nh5+
41. Kf2 g3+ 42. Kg1 Nf4 43. Bd1 Rf6 44. Bf3 Rf8 45. c3 Nxd3 46. Rd1 Nf2 47. Rc1
d3 48. c4 d2 49. Rf1 Rd8 50. Kg2 d1=Q 51. Bxd1 Rxd1 0-1

[Event "AUTO-INT-2568"]
[Site "http://www.queenalice.com/game.php?id=1171575"]
[Date "2013.4.14"]
[Round "2"]
[White "Rouletabosse"]
[Black "DenisDiego"]
[Result "1/2-1/2"]
[WhiteElo "1843"]
[BlackElo "1724"]

1. Nf3 d5 2. d4 Nc6 3. h3 Nf6 4. a3 a6 5. Bf4 Ne4 6. e3 h6 7. c4 dxc4 8. Bxc4 e6
9. O-O Bd6 10. Bxd6 Nxd6 11. Be2 Qe7 12. Nc3 b5 13. b4 Bb7 14. Rc1 Rc8 15. Nh2
O-O 16. Bf3 Nd8 17. Bxb7 N8xb7 18. Nf3 Nc4 19. Qb3 Nbd6 20. Rfd1 c6 21. Nd2 Ra8
22. Nce4 Rfc8 23. Nxd6 Nxd6 24. Rc2 Rc7 25. Rdc1 Qd7 26. e4 Nb7 27. d5 Nd8 28.
dxc6 Nxc6 29. Qb2 Rac8 30. Nb3 Ne5 31. Rxc7 Rxc7 32. Rxc7 Qxc7 33. Nc5 a5 34.
Qd4 1/2-1/2

[Event "AUTO-INT-2568"]
[Site "http://www.queenalice.com/game.php?id=1171576"]
[Date "2013.4.14"]
[Round "2"]
[White "DenisDiego"]
[Black "Rouletabosse"]
[Result "1-0"]
[WhiteElo "1702"]
[BlackElo "1845"]

1. e4 e6 2. d4 d5 3. e5 a6 4. c3 h6 5. Nf3 c5 6. b3 Nc6 7. Be3 cxd4 8. Nxd4 Nxe5
9. h3 Bd7 10. Be2 Nc6 11. O-O Nf6 12. Nd2 Nxd4 13. Bxd4 Be7 14. Nf3 O-O 15. a4
b5 16. axb5 axb5 17. Ne5 Rxa1 18. Qxa1 Qa8 19. Nxd7 Nxd7 20. b4 Bf6 21. Bxb5
Qxa1 22. Rxa1 Bxd4 23. cxd4 Nf6 24. Bc6 Rb8 25. Ra8 Rxa8 26. Bxa8 Nd7 27. Bc6
Nb6 28. Kf1 Kf8 29. Ke2 Ke7 30. Kd3 Kd6 31. b5 f6 32. f4 f5 33. Kc3 Nd7 34. Bxd7
Kxd7 35. Kb4 1-0

[Event "AUTO-INT-2568"]
[Site "http://www.queenalice.com/game.php?id=1171579"]
[Date "2013.4.14"]
[Round "2"]
[White "DenisDiego"]
[Black "brunooliveira"]
[Result "1-0"]
[WhiteElo "1666"]
[BlackElo "1783"]

1. e4 e6 2. d4 d5 3. e5 c5 4. c3 Qb6 5. Nf3 Bd7 6. b3 Bb5 7. Be2 Bxe2 8. Qxe2
Nc6 9. Be3 cxd4 10. Bxd4 Nxd4 11. Nxd4 Bc5 12. Qe3 Ne7 13. O-O Nf5 14. Qg5 Nxd4
15. Qxg7 Ne2+ 16. Kh1 O-O-O 17. Qf6 Qc7 18. Re1 Nxc3 19. Nxc3 Bd4 20. Nb5 Qc5
21. Rac1 1-0

[Event "AUTO-INT-2568"]
[Site "http://www.queenalice.com/game.php?id=1171580"]
[Date "2013.4.14"]
[Round "2"]
[White "brunooliveira"]
[Black "DenisDiego"]
[Result "0-1"]
[WhiteElo "1787"]
[BlackElo "1724"]

1. e4 e5 2. Nf3 Nc6 3. Bb5 Nf6 4. O-O d6 5. Nc3 Bg4 6. d3 h6 7. h3 Bd7 8. Bd2 a6
9. Ba4 Qe7 10. Ne1 Nd4 11. Bxd7+ Qxd7 12. f4 exf4 13. Bxf4 O-O-O 14. Nf3 Nxf3+
15. Qxf3 h5 16. Bg5 Be7 17. Bxf6 Bxf6 18. Rab1 c6 19. Qf5 Bd4+ 20. Kh1 Rdf8 21.
Qxd7+ Kxd7 22. Ne2 Bf6 23. b3 Be7 24. Nd4 g6 25. Rf3 Rh7 26. Rbf1 c5 27. Ne2 g5
28. Kg1 Ke8 29. Nc3 g4 30. hxg4 hxg4 31. Rf5 Rfh8 32. Kf2 Rg8 33. Nd5 Bd8 34.
Ke1 Rgg7 35. Rf6 Kd7 36. R6f4 Ke6 37. Nf6 Rh4 38. g3 Rh3 39. Ne8 Rg8 40. Nf6 Rg6
41. Ne8 Rxg3 42. Rxf7 Rg2 43. Kd1 Rh2 44. Nc7+ Bxc7 45. Rxc7 Rf6 46. Rxf6+ Kxf6
47. Rc8 Ke5 48. Rg8 Kf4 49. Rf8+ Kg3 50. Rf1 Kg2 51. Ke1 Rh1 52. Rxh1 Kxh1 53.
Kf2 Kh2 0-1

[Event "Alberto X Denis"]
[Site "http://www.queenalice.com/game.php?id=1175728"]
[Date "2013.4.27"]
[Round "-"]
[White "DenisDiego"]
[Black "Luke1416"]
[Result "1-0"]
[WhiteElo "1743"]
[BlackElo "1423"]

1. e4 e5 2. Nf3 d6 3. Nc3 Bg4 4. Bc4 Bxf3 5. Qxf3 Nf6 6. d3 a6 7. Bg5 b5 8. Nd5
Nbd7 9. Bb3 h6 10. Bxf6 Nxf6 11. Nxf6+ Qxf6 12. Qxf6 gxf6 13. Bd5 Be7 14. Bxa8
Kd7 15. Bd5 Rh7 16. b4 Rg7 17. O-O c6 18. Bb3 Ke8 19. a4 bxa4 20. Rxa4 Bd8 21.
Rxa6 c5 22. bxc5 dxc5 23. Rfa1 Rg5 24. Ra8 f5 25. R1a7 Rg6 26. Bxf7+ 1-0